书目信息 |
| 题名: |
房地产经济学
|
|
| 作者: | 简德三 , 王洪卫 主编 | |
| 分册: | ||
| 出版信息: | 上海 上海财经大学出版社 2003 |
|
| 页数: | 377页 | |
| 开本: | 21cm | |
| 丛书名: | ||
| 单 册: | ||
| 中图分类: | F293.30 | |
| 科图分类: | ||
| 主题词: | 房地产经济学--高等学校--教材 | |
| 电子资源: | ||
| ISBN: | 978-7-81049-841-8 | |
| 000 | 00859n|m0 2200253---450- | |
| 001 | 0102560389 | |
| 005 | 20121109170000.0 | |
| 010 | @a978-7-81049-841-8@dCNY19.00 | |
| 100 | @a20030526d2003 em y0chiy0120 ea | |
| 101 | 0 | @achi |
| 102 | @aCN@b310000 | |
| 105 | @ay z 000yy | |
| 135 | @adrbn ---auuuu | |
| 200 | 1 | @a房地产经济学@9Fang Di;De Chan Jing Ji Xue @f简德三,王洪卫主编@b电子资源.图书 |
| 210 | @a上海@c上海财经大学出版社@d2003 | |
| 215 | @a377页@d21cm | |
| 325 | @a电子复制品 | |
| 330 | @a本书共十三章,介绍了房地产经济运行过程中的各种经济现象、经济关系和经济规律,揭示了房地产经济运行的普遍规律和本质属性。 | |
| 606 | 0 | @a房地产经济学@x高等学校@j教材 |
| 690 | @aF293.30@v4 | |
| 701 | 0 | @a简德三@4主编@9jian de san |
| 701 | 0 | @a王洪卫@c(教授)@4主编@9wang hong wei |
| 801 | 0 | @aCN@bAZmarc@c20230903 |
| 905 | @dF293@e20@f34@sF293/20@aBZT | |
| 房地产经济学/简德三,王洪卫主编[电子资源.图书].-上海:上海财经大学出版社,2003 |
| 377页;21cm |
| ISBN 978-7-81049-841-8:CNY19.00 |
| 本书共十三章,介绍了房地产经济运行过程中的各种经济现象、经济关系和经济规律,揭示了房地产经济运行的普遍规律和本质属性。 |
| ● |
| 相关链接 |
|
|
|
正题名:房地产经济学
索取号:F293/20
 
预约/预借
| 序号 | 登录号 | 条形码 | 馆藏地/架位号 | 状态 | 备注 |
| 1 | 2000024149 | 2000024149 | 旧书回溯/ [索取号:F293/20] | 在馆 | |
| 2 | 2000024150 | 2000024150 | 旧书回溯/ [索取号:F293/20] | 在馆 | |
| 3 | 2000024151 | 2000024151 | 旧书回溯/ [索取号:F293/20] | 在馆 | |
| 4 | 2000024152 | 2000024152 | 旧书回溯/ [索取号:F293/20] | 在馆 | |
| 5 | 2000024153 | 2000024153 | 旧书回溯/ [索取号:F293/20] | 在馆 | |
| 6 | 2000024154 | 2000024154 | 旧书回溯/ [索取号:F293/20] | 在馆 | |
| 7 | 2000024155 | 2000024155 | 旧书回溯/ [索取号:F293/20] | 在馆 | |
| 8 | 2000148785 | 2000148785 | 旧书回溯/ [索取号:F293/20] | 在馆 | |
| 9 | 2000148786 | 2000148786 | 旧书回溯/ [索取号:F293/20] | 在馆 | |
| 10 | 2000148787 | 2000148787 | 旧书回溯/ [索取号:F293/20] | 在馆 | |
| 11 | 2000148788 | 2000148788 | 旧书回溯/ [索取号:F293/20] | 在馆 | |
| 12 | 2000148789 | 2000148789 | 旧书回溯/ [索取号:F293/20] | 在馆 | |
| 13 | 2000148790 | 2000148790 | 旧书回溯/ [索取号:F293/20] | 在馆 | |
| 14 | 2000148791 | 2000148791 | 旧书回溯/ [索取号:F293/20] | 在馆 | |
| 15 | 2000148792 | 2000148792 | 旧书回溯/ [索取号:F293/20] | 在馆 | |
| 16 | 2000148793 | 2000148793 | 旧书回溯/ [索取号:F293/20] | 在馆 | |
| 17 | 2000148794 | 2000148794 | 旧书回溯/ [索取号:F293/20] | 在馆 | |
| 18 | 2000148795 | 2000148795 | 旧书回溯/ [索取号:F293/20] | 在馆 | |
| 19 | 2000148796 | 2000148796 | 旧书回溯/ [索取号:F293/20] | 在馆 | |
| 20 | 2000148797 | 2000148797 | 旧书回溯/ [索取号:F293/20] | 在馆 | |
| 21 | 2000148798 | 2000148798 | 旧书回溯/ [索取号:F293/20] | 在馆 | |
| 22 | 2000148799 | 2000148799 | 旧书回溯/ [索取号:F293/20] | 在馆 | |
| 23 | 2000148800 | 2000148800 | 旧书回溯/ [索取号:F293/20] | 在馆 | |
| 24 | 2000148801 | 2000148801 | 旧书回溯/ [索取号:F293/20] | 在馆 | |
| 25 | 2000148802 | 2000148802 | 旧书回溯/ [索取号:F293/20] | 在馆 | |
| 26 | 2000148803 | 2000148803 | 旧书回溯/ [索取号:F293/20] | 在馆 | |
| 27 | 2000148804 | 2000148804 | 旧书回溯/ [索取号:F293/20] | 在馆 | |
| 28 | 2000148805 | 2000148805 | 旧书回溯/ [索取号:F293/20] | 在馆 | |
| 29 | 2000149197 | 2000149197 | 旧书回溯/ [索取号:F293/20] | 在馆 | |
| 30 | 2000149198 | 2000149198 | 旧书回溯/ [索取号:F293/20] | 在馆 | |
| 31 | 2000149199 | 2000149199 | 旧书回溯/ [索取号:F293/20] | 在馆 | |
| 32 | 2000149200 | 2000149200 | 旧书回溯/ [索取号:F293/20] | 在馆 | |
| 33 | 2000149201 | 2000149201 | 旧书回溯/ [索取号:F293/20] | 在馆 | |
| 34 | 2000149202 | 2000149202 | 旧书回溯/ [索取号:F293/20] | 在馆 |